[Event "Prague Summer op 1st"]
[Site "Prague"]
[Date "2014.08.11"]
[Round "3"]
[White "Kourousis, Epaminondas"]
[Black "Masek, Miroslav"]
[Result "1/2-1/2"]
[WhiteElo "2359"]
[BlackElo "2221"]
[PlyCount "75"]
[EventDate "2014.08.09"]
[EventType "swiss"]
[EventRounds "9"]
[EventCountry "CZE"]
[SourceTitle "CBM 162 Extra"]
[Source "ChessBase"]
[SourceDate "2014.10.17"]
[SourceVersion "1"]
[SourceVersionDate "2014.10.17"]
[SourceQuality "1"]

1. d4 d5 2. c4 c6 3. Nf3 Nf6 4. e3 a6 5. Nbd2 Bf5 6. b3 e6 7. Bb2 Nbd7 8. Be2 h6 9. 0-0 Be7 10. Ne5 Nxe5 11. dxe5 Nd7 12. cxd5 cxd5 13. Nf3 0-0 14. Nd4 Bh7 15. Bg4 Qb6 16. f4 Nc5 17. f5 Bg5 18. Qe2 exf5 19. Bxf5 Rae8 20. Bxh7+ Kxh7 21. Nf3 Be7 22. Rad1 Rd8 23. Nd4 Ne6 24. Qh5 Nxd4 25. Bxd4 Qe6 26. Rc1 Rd7 27. Rc2 Ba3 28. Rcf2 g6 29. Qh4 Be7 30. Qg3 Rc7 31. h3 Rc6 32. Kh2 Bd8 33. Kh1 Be7 34. Qf3 Kg8 35. Qe2 Qd7 36. Qf3 Qe6 37. Qe2 Qd7 38. Qf3 1/2-1/2

[Event "Prague op-A 13th"]
[Site "Prague"]
[Date "2014.01.16"]
[Round "8"]
[White "Masek, Miroslav"]
[Black "Strebkovs, Andrejs"]
[Result "1/2-1/2"]
[WhiteElo "2189"]
[BlackElo "2334"]
[PlyCount "146"]
[EventDate "2014.01.10"]
[EventType "swiss"]
[EventRounds "9"]
[EventCountry "CZE"]
[SourceTitle "CBM 158 Extra"]
[Source "ChessBase"]
[SourceDate "2014.02.28"]
[SourceVersion "1"]
[SourceVersionDate "2014.02.28"]
[SourceQuality "1"]

1. d4 Nf6 2. c4 g6 3. Nc3 Bg7 4. e4 d6 5. Be2 0-0 6. Nf3 Bg4 7. 0-0 Nfd7 8. Be3 c5 9. d5 Na6 10. Rc1 Nc7 11. Qd2 Re8 12. h3 Bxf3 13. Bxf3 a6 14. a4 b6 15. Be2 Rb8 16. f4 e6 17. dxe6 Nxe6 18. Bf3 Nd4 19. Bxd4 cxd4 20. Nd5 Nc5 21. Qd1 Nxe4 22. Bxe4 Rxe4 23. f5 Qg5 24. f6 Bh6 25. Qd3 Rbe8 26. Rc2 Kh8 27. Kh1 Qe5 28. Rcf2 Re1 29. Rxe1 Qxe1+ 30. Rf1 Qe4 31. Rd1 Be3 32. Qxe4 Rxe4 33. g3 h5 34. Kg2 Re5 35. Nxb6 Bg5 36. Nd5 Re2+ 37. Kf3 Rxb2 38. Rxd4 Rb3+ 39. Kg2 Rb2+ 40. Kf1 Rb1+ 41. Ke2 Ra1 42. Re4 Rxa4 43. Re8+ Kh7 44. h4 Bh6 45. Re7 Kg8 46. Rc7 g5 47. hxg5 Bxg5 48. Rc6 a5 49. Kd3 Ra3+ 50. Kd4 Rxg3 51. Rxd6 a4 52. c5 Rg4+ 53. Kd3 a3 54. Ra6 Bh4 55. Ne7+ Kh7 56. Nf5 Bg5 57. c6 Bf4 58. Rxa3 Kg6 59. Ne7+ Kxf6 60. Nd5+ Kg7 61. Ra7 Be5 62. c7 Rd4+ 63. Ke3 Rc4 64. Kd3 Rc1 65. Ke4 Bd6 66. Kf3 h4 67. Kg4 Rc4+ 68. Kh3 Rc5 69. Kxh4 Rc4+ 70. Kh3 Be5 71. Kg2 Rc2+ 72. Kf3 Bd6 73. Ke4 Rc1 1/2-1/2

[Event "CZE-chT2C 1112"]
[Site "Czech Republic"]
[Date "2012.02.05"]
[Round "7.8"]
[White "Dusek, Martin"]
[Black "Masek, Miroslav"]
[Result "0-1"]
[WhiteElo "2086"]
[BlackElo "2184"]
[PlyCount "122"]
[EventDate "2011.10.09"]
[EventType "team-tourn"]
[EventRounds "11"]
[EventCountry "CZE"]
[SourceTitle "EXT 2013"]
[Source "ChessBase"]
[SourceDate "2012.11.22"]
[SourceVersion "1"]
[SourceVersionDate "2012.11.22"]
[SourceQuality "1"]
[WhiteTeam "Horice"]
[BlackTeam "Pankrac II"]
[WhiteTeamCountry "CZE"]
[BlackTeamCountry "CZE"]

1. e4 e5 2. Nf3 Nc6 3. Bb5 f5 4. d3 fxe4 5. dxe4 Nf6 6. Nc3 Bb4 7. Qd3 Qe7 8. 0-0 Bxc3 9. bxc3 d6 10. Bg5 Be6 11. Nd2 0-0 12. Bxc6 bxc6 13. f4 exf4 14. Rxf4 h6 15. Bxf6 Rxf6 16. Rxf6 Qxf6 17. Rf1 Qg5 18. Nb3 c5 19. Qf3 Re8 20. Qf4 Qxf4 21. Rxf4 g5 22. Rf2 Bxb3 23. cxb3 Rxe4 24. Rd2 Kf7 25. Kf2 Kf6 26. g3 a5 27. a3 a4 28. b4 Rc4 29. Rc2 cxb4 30. axb4 a3 31. Ke2 a2 32. Rxa2 Rxc3 33. Rb2 Ke6 34. b5 Ra3 35. Kf2 Kd7 36. h3 Kc8 37. b6 c6 38. Rd2 d5 39. Rb2 Kb7 40. Re2 Kxb6 41. Re6 d4 42. Rxh6 Ra5 43. h4 gxh4 44. gxh4 Rd5 45. h5 Kc5 46. Rh8 Kc4 47. h6 Rh5 48. h7 c5 49. Kf3 d3 50. Ke4 Rh4+ 51. Ke3 Rh2 52. Kf3 Kc3 53. Rc8 Rxh7 54. Rxc5+ Kd4 55. Rf5 Re7 56. Rf8 Rc7 57. Kf2 Kc3 58. Ke3 d2 59. Rd8 Re7+ 60. Kf2 Re1 61. Rc8+ Kb4 0-1

[Event "CZE-chT2C 1112"]
[Site "Czech Republic"]
[Date "2012.01.22"]
[Round "6.8"]
[White "Masek, Miroslav"]
[Black "Skala, Jaromir"]
[Result "1/2-1/2"]
[WhiteElo "2184"]
[BlackElo "2016"]
[PlyCount "106"]
[EventDate "2011.10.09"]
[EventType "team-tourn"]
[EventRounds "11"]
[EventCountry "CZE"]
[SourceTitle "EXT 2013"]
[Source "ChessBase"]
[SourceDate "2012.11.22"]
[SourceVersion "1"]
[SourceVersionDate "2012.11.22"]
[SourceQuality "1"]
[WhiteTeam "Pankrac II"]
[BlackTeam "Kutna Hora"]
[WhiteTeamCountry "CZE"]
[BlackTeamCountry "CZE"]

1. d4 Nf6 2. Bg5 e6 3. Nd2 d5 4. e3 Be7 5. Bd3 0-0 6. Ngf3 c5 7. c3 b6 8. Ne5 Bb7 9. Qf3 h6 10. h4 cxd4 11. exd4 Nfd7 12. Bxh6 Nxe5 13. dxe5 gxh6 14. Qg4+ Kh8 15. Qh5 Kg7 16. Rh3 Rh8 17. 0-0-0 Kf8 18. Rf3 Ke8 19. Qxf7+ Kd7 20. Rf6 Qg8 21. Nf3 Qxf7 22. Rxf7 Nc6 23. Bb5 a6 24. Bxc6+ Bxc6 25. Nd4 Bb7 26. Rd3 Raf8 27. Rdf3 Rxf7 28. Rxf7 Ke8 29. Rg7 Bc8 30. g3 Bd7 31. b4 h5 32. f4 Rh6 33. Rg8+ Bf8 34. Rg5 Be7 35. Rg8+ Bf8 36. Rg5 Kf7 37. f5 exf5 38. Nxf5 Bxf5 39. Rxf5+ Ke7 40. Kc2 Bg7 41. Rg5 Bh8 42. Kd3 Re6 43. Rxh5 Bxe5 44. g4 b5 45. Rf5 Kd6 46. Rf8 Bg7 47. Ra8 Ke5 48. Ra7 Rg6 49. g5 Kf5 50. Rd7 Kg4 51. Rxd5 Kxh4 52. a4 Rxg5 53. Rxg5 Kxg5 1/2-1/2

[Event "CZE-chT2C 1011"]
[Site "Czech Republic"]
[Date "2010.11.07"]
[Round "2.7"]
[White "Novak, Radomir"]
[Black "Masek, Miroslav"]
[Result "0-1"]
[WhiteElo "2165"]
[BlackElo "2191"]
[PlyCount "192"]
[EventDate "2010.10.17"]
[EventType "team-tourn"]
[EventRounds "11"]
[EventCountry "CZE"]
[SourceTitle "EXT 2012"]
[Source "ChessBase"]
[SourceDate "2011.11.24"]
[SourceVersion "1"]
[SourceVersionDate "2011.11.24"]
[SourceQuality "1"]
[WhiteTeam "Hradec Kralove II"]
[BlackTeam "Pankrac II"]
[WhiteTeamCountry "CZE"]
[BlackTeamCountry "CZE"]

1. d4 d5 2. c4 c6 3. Nc3 Nf6 4. Bg5 e6 5. e3 Nbd7 6. Nf3 Bb4 7. cxd5 exd5 8. Qc2 h6 9. Bh4 Qa5 10. Bd3 0-0 11. 0-0 Re8 12. Nd2 Qd8 13. Rae1 Be7 14. f3 Nf8 15. Nb3 Ne6 16. Bf5 a5 17. Rd1 a4 18. Nc1 a3 19. b3 Qa5 20. Nd3 Nxd4 21. exd4 Bxf5 22. Qc1 Nd7 23. Bf2 Bxd3 24. Rxd3 Bf6 25. h4 Nf8 26. g4 Qd8 27. h5 Qd7 28. Na4 Bg5 29. Qd1 Qd6 30. Rc3 Re7 31. Nc5 Rae8 32. Rc2 Ne6 33. Nxe6 Rxe6 34. Kg2 Bf4 35. Qd3 Qe7 36. Qc3 Qg5 37. Qd3 g6 38. Rh1 Qe7 39. hxg6 fxg6 40. Qc3 Kg7 41. b4 Bd6 42. Qxa3 Bxb4 43. Qc1 g5 44. Qb1 Bd6 45. a4 Rf8 46. Qd1 Qf6 47. Rb2 Rf7 48. Qd3 Qf4 49. Rh3 Qf6 50. Rh1 Qg6 51. Qxg6+ Kxg6 52. Rhb1 Ree7 53. Rb3 h5 54. gxh5+ Kxh5 55. Rh1+ Kg6 56. Re1 Rxe1 57. Bxe1 Kf5 58. Bg3 Bf4 59. Rb6 Re7 60. a5 g4 61. fxg4+ Kxg4 62. Bf2 Rh7 63. Bg1 Kf5 64. Kf3 Rh3+ 65. Ke2 Ra3 66. Rxb7 Rxa5 67. Rf7+ Kg4 68. Rg7+ Kh5 69. Kf3 Bg5 70. Rc7 Ra3+ 71. Ke2 Rc3 72. Rf7 Kg6 73. Rf3 Rc4 74. Kd3 Ra4 75. Rf1 Ra3+ 76. Kc2 Bf6 77. Kd2 Kf7 78. Be3 Ke6 79. Ke2 Rc3 80. Kd2 Rb3 81. Ke2 Bg7 82. Kd2 c5 83. dxc5 d4 84. Bf4 Kd5 85. Rg1 Bf8 86. Rg3 Rb1 87. c6 Kxc6 88. Kd3 Bc5 89. Be5 Kd5 90. Bc7 Rb3+ 91. Kc2 Rb7 92. Ba5 Kc4 93. Bd2 Ra7 94. Rg4 Ra2+ 95. Kd1 Bd6 96. Ke2 Bb4 0-1

[Event "Prague Rejfir Memorial"]
[Site "Prague"]
[Date "2009.05.19"]
[Round "6"]
[White "Vavra, Pavel"]
[Black "Masek, Miroslav"]
[Result "1-0"]
[WhiteElo "2367"]
[BlackElo "2199"]
[PlyCount "147"]
[EventDate "2009.04.14"]
[EventType "swiss"]
[EventRounds "9"]
[EventCountry "CZE"]
[SourceTitle "EXT 2012"]
[Source "ChessBase"]
[SourceDate "2011.11.24"]
[SourceVersion "1"]
[SourceVersionDate "2011.11.24"]
[SourceQuality "1"]

1. e4 e5 2. Nc3 Nf6 3. f4 d6 4. Nf3 Nc6 5. Bb5 Bd7 6. d4 Nxd4 7. Nxd4 exd4 8. Bxd7+ Qxd7 9. Qxd4 Be7 10. Be3 Ng4 11. Bg1 Bf6 12. Qd3 Bxc3+ 13. Qxc3 0-0 14. 0-0-0 Qe6 15. Kb1 Qxe4 16. Bd4 f6 17. h3 Nh6 18. g4 c5 19. Qb3+ Nf7 20. Be3 b5 21. Bc1 Qc6 22. g5 c4 23. Qg3 fxg5 24. Rhg1 Nh6 25. f5 Nxf5 26. Qxg5 Rf7 27. Rg4 Re8 28. Rf1 Qd7 29. Rgf4 Ref8 30. Bd2 Nh6 31. Qd5 Kh8 32. Rxf7 Rxf7 33. Rg1 Ng8 34. Bc3 h6 35. a3 Nf6 36. Qf3 a6 37. Qa8+ Kh7 38. Qxa6 Ne4 39. Bd4 Qxh3 40. Qxb5 Rf1+ 41. Ka2 Rxg1 42. Bxg1 Qf1 43. Qd5 Nf6 44. Qd4 h5 45. a4 Kg6 46. a5 Qf5 47. Qc3 Ne4 48. Qa3 Qf1 49. a6 Qxg1 50. a7 Nd2 51. Qxd6+ Kh7 52. Qb8 Qb1+ 53. Ka3 Qa1+ 54. Kb4 Qxb2+ 55. Kc5 Ne4+ 56. Kd5 Nf6+ 57. Ke6 Qxc2 58. a8Q Qe2+ 59. Qe5 Qxe5+ 60. Kxe5 Kg6 61. Qc6 Kg5 62. Qxc4 Kg6 63. Qe6 Kh7 64. Kf5 Kh6 65. Qf7 Kh7 66. Kg5 Ne4+ 67. Kxh5 Nf6+ 68. Kg5 Ne4+ 69. Kf4 Nf6 70. Kf5 Ng8 71. Qg6+ Kh8 72. Qh5+ Nh6+ 73. Kg6 Kg8 74. Qd5+ 1-0

[Event "Prague Rejfir Memorial"]
[Site "Prague"]
[Date "2009.04.28"]
[Round "3"]
[White "Masek, Miroslav"]
[Black "Srba, Milan"]
[Result "1-0"]
[WhiteElo "2199"]
[BlackElo "2210"]
[PlyCount "100"]
[EventDate "2009.04.14"]
[EventType "swiss"]
[EventRounds "9"]
[EventCountry "CZE"]
[SourceTitle "EXT 2012"]
[Source "ChessBase"]
[SourceDate "2011.11.24"]
[SourceVersion "1"]
[SourceVersionDate "2011.11.24"]
[SourceQuality "1"]

1. e4 Nf6 2. e5 Nd5 3. Qf3 c6 4. d4 d6 5. exd6 Qxd6 6. c3 Nd7 7. Nd2 e5 8. Bc4 exd4 9. cxd4 N7b6 10. Bb3 Qg6 11. a3 Be7 12. h3 Bf5 13. Ne2 0-0 14. 0-0 Bf6 15. Rd1 Rfe8 16. Ng3 Bc2 17. Bxc2 Qxc2 18. Nde4 Rad8 19. b3 Rxe4 20. Nxe4 Re8 21. Rd3 Kf8 22. a4 Nd7 23. Ba3+ Kg8 24. Rc1 Qa2 25. Bd6 Qb2 26. Rcd1 Qc2 27. Re1 Kh8 28. Rd2 Qxd2 29. Nxd2 Rxe1+ 30. Kh2 Kg8 31. Qf5 Re6 32. Bg3 Bxd4 33. Nf3 g6 34. Qd3 Bf6 35. b4 N7b6 36. Qb3 Re4 37. Bd6 Nc8 38. Bc5 b6 39. Qd3 Re8 40. Bd4 Nxb4 41. Qd2 Rd8 42. Qf4 Nd5 43. Qc1 Bxd4 44. Nxd4 c5 45. Nf3 Nce7 46. g4 Kg7 47. Ng5 Nc6 48. h4 h6 49. Ne4 Nd4 50. Qc4 Nf4 1-0

[Event "Prague op-A"]
[Site "Prague"]
[Date "2006.07.09"]
[Round "9"]
[White "Masek, Miroslav"]
[Black "Macek, Kamil"]
[Result "1/2-1/2"]
[WhiteElo "2161"]
[BlackElo "1930"]
[PlyCount "30"]
[EventDate "2006.07.01"]
[EventType "swiss"]
[EventRounds "9"]
[EventCountry "CZE"]
[SourceTitle "EXT 2007"]
[Source "ChessBase"]
[SourceDate "2006.11.23"]
[SourceVersion "1"]
[SourceVersionDate "2006.11.23"]
[SourceQuality "1"]

1. e4 c6 2. d4 d5 3. exd5 cxd5 4. c4 Nf6 5. Nc3 e6 6. Nf3 Nc6 7. Bg5 Be7 8. c5 Ne4 9. Bxe7 Nxc3 10. Bxd8 Nxd1 11. Bc7 Nxb2 12. Rb1 Nc4 13. Bxc4 dxc4 14. 0-0 Ne7 15. Bg3 Nd5 1/2-1/2

[Event "Prague op-A"]
[Site "Prague"]
[Date "2006.07.07"]
[Round "7"]
[White "Londyn, Radek"]
[Black "Masek, Miroslav"]
[Result "1/2-1/2"]
[WhiteElo "2313"]
[BlackElo "2161"]
[PlyCount "142"]
[EventDate "2006.07.01"]
[EventType "swiss"]
[EventRounds "9"]
[EventCountry "CZE"]
[SourceTitle "EXT 2007"]
[Source "ChessBase"]
[SourceDate "2006.11.23"]
[SourceVersion "1"]
[SourceVersionDate "2006.11.23"]
[SourceQuality "1"]

1. e4 e6 2. d4 d5 3. Nc3 Nf6 4. e5 Nfd7 5. f4 c5 6. Nf3 Nc6 7. Be3 Qb6 8. Na4 Qa5+ 9. c3 b6 10. Bd2 c4 11. b4 Nxb4 12. cxb4 Bxb4 13. Kf2 Bxd2 14. Nxd2 b5 15. Nc5 Nxc5 16. dxc5 Qc7 17. Nf3 Qxc5+ 18. Qd4 Qxd4+ 19. Nxd4 b4 20. Ke3 Bd7 21. a3 b3 22. Kd2 Ke7 23. Be2 h5 24. h4 g6 25. Bf3 Rab8 26. Kc3 Rb6 27. Kb2 Rbb8 28. Rac1 Rbf8 29. Rc3 f6 30. exf6+ Rxf6 31. g3 Kd6 32. Re3 Kc5 33. Rd1 Rb8 34. Re5 Rb6 35. Bg2 a5 36. Rd2 c3+ 37. Kxc3 b2 38. Nxe6+ Bxe6 39. Rxb2 Rxb2 40. Kxb2 Bf7 41. Re7 Rb6+ 42. Kc1 Be6 43. Bf3 Kd4 44. a4 Bf5 45. Re5 Kc3 46. Kd1 d4 47. Rxa5 Rb1+ 48. Ke2 d3+ 49. Kf2 Ra1 50. Rc5+ Kb4 51. Rd5 Rxa4 52. Bxh5 Kc3 53. Bf3 Be6 54. Rd6 Bc4 55. Ke3 Ra1 56. f5 gxf5 57. h5 Re1+ 58. Kf4 d2 59. h6 Re7 60. Bd1 Bd3 61. Rd8 Re4+ 62. Kg5 Rg4+ 63. Bxg4 fxg4 64. Rxd3+ Kxd3 65. h7 d1Q 66. h8Q Qd2+ 67. Kxg4 Qe2+ 68. Kg5 Qe3+ 69. Kh4 Qe4+ 70. Kg5 Qe3+ 71. Kg4 Qe4+ 1/2-1/2

[Event "CZE-chT2c 0506"]
[Site "Czech Republic"]
[Date "2006.03.12"]
[Round "9.6"]
[White "Machlowski, Slawomir"]
[Black "Masek, Miroslav"]
[Result "1/2-1/2"]
[WhiteElo "2056"]
[BlackElo "2191"]
[PlyCount "92"]
[EventDate "2005.10.16"]
[EventType "team"]
[EventRounds "11"]
[EventCountry "CZE"]
[SourceTitle "EXT 2009"]
[Source "ChessBase"]
[SourceDate "2008.11.26"]
[SourceVersion "1"]
[SourceVersionDate "2008.11.26"]
[SourceQuality "1"]
[WhiteTeam "Rychnov nad Kneznou"]
[BlackTeam "Vrsovice"]
[WhiteTeamCountry "CZE"]
[BlackTeamCountry "CZE"]

1. g3 d5 2. Nf3 Nf6 3. Bg2 c6 4. c4 Bg4 5. cxd5 cxd5 6. Ne5 Bc8 7. Nc3 e6 8. d4 Be7 9. 0-0 0-0 10. e4 dxe4 11. Nxe4 Nbd7 12. Qe2 Nb6 13. Rd1 Nbd5 14. Bg5 Nxe4 15. Bxe7 Qxe7 16. Qxe4 b6 17. Qe2 Bb7 18. Rac1 Rac8 19. h4 Rfd8 20. Rxc8 Rxc8 21. Be4 Nf6 22. Bb1 Qd6 23. f3 Rd8 24. Kf2 h6 25. Qd3 Kf8 26. a3 Nd7 27. Ng4 h5 28. Ne3 g6 29. Ng2 Ke7 30. Nf4 Nf6 31. Ba2 Nd5 32. Nh3 Kf8 33. Ng5 Kg7 34. Bb1 Ne7 35. Qe3 Nf5 36. Bxf5 exf5 37. Nh3 Rd7 38. Nf4 Re7 39. Qd3 Bd5 40. Rc1 Rd7 41. Qc3 Kh7 42. Rc2 Bb7 43. Rd2 Rc7 44. Qd3 Bd5 45. Rc2 Rd7 46. Rd2 Kg7 1/2-1/2

[Event "CZE-chT2c 0506"]
[Site "Czech Republic"]
[Date "2005.12.04"]
[Round "4.5"]
[White "Crha, Pavel"]
[Black "Masek, Miroslav"]
[Result "0-1"]
[WhiteElo "2175"]
[BlackElo "2191"]
[PlyCount "94"]
[EventDate "2005.10.16"]
[EventType "team"]
[EventRounds "11"]
[EventCountry "CZE"]
[SourceTitle "EXT 2009"]
[Source "ChessBase"]
[SourceDate "2008.11.26"]
[SourceVersion "1"]
[SourceVersionDate "2008.11.26"]
[SourceQuality "1"]
[WhiteTeam "Mlada Boleslav"]
[BlackTeam "Vrsovice"]
[WhiteTeamCountry "CZE"]
[BlackTeamCountry "CZE"]

1. e4 e6 2. d4 d5 3. Nc3 Nf6 4. Bg5 Bb4 5. e5 h6 6. exf6 hxg5 7. fxg7 Rg8 8. Qd3 Rxg7 9. 0-0-0 Nc6 10. Nge2 Bd7 11. Ng3 Rg6 12. Be2 Qf6 13. Nh5 Qh8 14. f4 gxf4 15. Nxf4 Rh6 16. h3 0-0-0 17. g4 Be7 18. Kb1 Bf6 19. Rdf1 Bxd4 20. Nd1 Rg8 21. Qg3 Bf6 22. Nd3 Nd4 23. Bf3 Bb5 24. Bg2 Kb8 25. Nc3 Bc4 26. Rd1 Nf5 27. Qf2 Bd4 28. Qf4 Ne3 29. Ne2 e5 30. Nxe5 Bxe5 31. Qxe3 Rb6 32. b3 Bxe2 33. Qxe2 Ba1 34. c3 Re6 35. Qc2 Bxc3 36. Bxd5 Re7 37. Rd3 Ba1 38. Rf1 Rge8 39. Bg2 a5 40. a4 Bd4 41. Rfd1 c5 42. R3d2 Re3 43. Qc4 Qh7+ 44. Ka2 Rc3 45. Qb5 Rc2+ 46. Ka3 Bb2+ 47. Ka2 Bc3+ 0-1

[Event "CZE-chT2c 0506"]
[Site "Czech Republic"]
[Date "2005.11.06"]
[Round "2.7"]
[White "Trojan, Lubos"]
[Black "Masek, Miroslav"]
[Result "1/2-1/2"]
[WhiteElo "2062"]
[BlackElo "2191"]
[PlyCount "133"]
[EventDate "2005.10.16"]
[EventType "team"]
[EventRounds "11"]
[EventCountry "CZE"]
[SourceTitle "EXT 2009"]
[Source "ChessBase"]
[SourceDate "2008.11.26"]
[SourceVersion "1"]
[SourceVersionDate "2008.11.26"]
[SourceQuality "1"]
[WhiteTeam "Synthesia II"]
[BlackTeam "Vrsovice"]
[WhiteTeamCountry "CZE"]
[BlackTeamCountry "CZE"]

1. Nf3 d5 2. d4 Nf6 3. Bf4 c5 4. c3 Nc6 5. e3 Qb6 6. Qb3 c4 7. Qxb6 axb6 8. Na3 Bf5 9. Nb5 Ra5 10. Nc7+ Kd7 11. Be2 e6 12. a4 Nh5 13. Nb5 Nxf4 14. exf4 Bc2 15. Bd1 Bxd1 16. Kxd1 Be7 17. Kc2 Rha8 18. b3 cxb3+ 19. Kxb3 f6 20. Ra2 R5a6 21. Nd2 Na5+ 22. Kc2 Rc8 23. Kd3 Nc4 24. Nxc4 Rxc4 25. Rha1 Ra5 26. f3 f5 27. g3 h6 28. Kc2 Ra8 29. Kb3 g5 30. fxg5 hxg5 31. Re1 Rh8 32. Rae2 Rh6 33. Na7 Bd6 34. Nb5 Bb8 35. Na3 Rc8 36. c4 Bd6 37. cxd5 exd5 38. Nb5 Rc4 39. Nxd6 Kxd6 40. Rd2 f4 41. Rg1 Re6 42. Rd3 Kc6 43. Rg2 b5 44. axb5+ Kxb5 45. Rgd2 Rec6 46. gxf4 gxf4 47. Kb2 Rb4+ 48. Rb3 Rxb3+ 49. Kxb3 Re6 50. Rc2 b6 51. Kb2 Re3 52. Rf2 Kc4 53. h4 Kxd4 54. h5 Re6 55. Rf1 Rh6 56. Rd1+ Ke3 57. Rxd5 Kxf3 58. Rg5 Ke2 59. Kc2 Rc6+ 60. Kb3 f3 61. Rg6 Rc5 62. Re6+ Kf1 63. h6 f2 64. h7 Rh5 65. Re7 Rh4 66. Kc3 b5 67. Kb3 1/2-1/2

[Event "Prague ProMoPro op"]
[Site "Prague"]
[Date "2005.09.16"]
[Round "2"]
[White "Koper, Stefan"]
[Black "Masek, Miroslav"]
[Result "0-1"]
[WhiteElo "2061"]
[BlackElo "2220"]
[PlyCount "48"]
[EventDate "2005.09.15"]
[EventType "swiss"]
[EventRounds "9"]
[EventCountry "CZE"]
[SourceTitle "CBM 108 Extra"]
[Source "ChessBase"]
[SourceDate "2005.11.04"]
[SourceVersion "1"]
[SourceVersionDate "2005.11.04"]
[SourceQuality "1"]

1. d4 d5 2. Bf4 Nf6 3. e3 c5 4. c3 Nc6 5. Nf3 Qb6 6. Qb3 c4 7. Qxb6 axb6 8. Nbd2 b5 9. Be2 e6 10. 0-0 b4 11. cxb4 Bxb4 12. a3 Be7 13. Ne5 Bd7 14. Bf3 0-0 15. Rfe1 Rfc8 16. g4 Be8 17. h4 Nxe5 18. Bxe5 Nd7 19. Bg3 b5 20. g5 Nb6 21. Bg4 b4 22. Nb1 c3 23. b3 c2 24. Nd2 Rxa3 0-1

[Event "CZE-chT2a 0405"]
[Site "Czech Republic"]
[Date "2005.03.20"]
[Round "10.5"]
[White "Masek, Miroslav"]
[Black "Meszaros, Ludek"]
[Result "1-0"]
[WhiteElo "2200"]
[BlackElo "2190"]
[PlyCount "109"]
[EventDate "2004.10.17"]
[EventType "team"]
[EventRounds "11"]
[EventCountry "CZE"]
[SourceTitle "EXT 2007"]
[Source "ChessBase"]
[SourceDate "2006.11.23"]
[SourceVersion "1"]
[SourceVersionDate "2006.11.23"]
[SourceQuality "1"]
[WhiteTeam "Vrsovice"]
[BlackTeam "Tabor"]
[WhiteTeamCountry "CZE"]
[BlackTeamCountry "CZE"]

1. d4 Nf6 2. c4 c5 3. d5 e6 4. Nc3 exd5 5. cxd5 g6 6. e4 d6 7. h3 Bg7 8. Nf3 0-0 9. Bd3 Na6 10. 0-0 Nc7 11. Bf4 b5 12. Bxb5 Nxb5 13. Nxb5 Nxe4 14. Re1 f5 15. Rb1 Bd7 16. Nxd6 Qa5 17. a3 Qa6 18. Qe2 Qb6 19. Nc4 Qb3 20. Ne3 Rae8 21. Qc4 Qb6 22. Qc2 h6 23. Nc4 Qa6 24. Be5 Bb5 25. Bxg7 Kxg7 26. Ncd2 Nxd2 27. Nxd2 Qd6 28. Qc3+ Kh7 29. Qf3 Re5 30. Rxe5 Qxe5 31. Nf1 f4 32. Nh2 h5 33. Qb3 a6 34. Nf3 Qf5 35. Re1 Rd8 36. Re7+ Kh6 37. Qc3 Qf8 38. Re5 Bd7 39. h4 Bf5 40. Ng5 Rd7 41. Qd2 Bb1 42. Ne6 Qf6 43. Qxf4+ Qxf4 44. Nxf4 Kg7 45. Re6 Rb7 46. Rxa6 Rxb2 47. Ne6+ Kf6 48. Nxc5+ Ke5 49. d6 Rd2 50. d7 Bf5 51. a4 Rd1+ 52. Kh2 Bxd7 53. Nxd7+ Rxd7 54. Rxg6 Rd2 55. Rg5+ 1-0

[Event "Litomysl op"]
[Site "Litomysl"]
[Date "2005.01.01"]
[Round "8"]
[White "Masek, Miroslav"]
[Black "Amberger, Dieter"]
[Result "1-0"]
[WhiteElo "2200"]
[BlackElo "2100"]
[PlyCount "45"]
[EventDate "2004.12.26"]
[EventType "swiss"]
[EventRounds "9"]
[EventCountry "CZE"]
[SourceTitle "CBM 104 Extra"]
[Source "ChessBase"]
[SourceDate "2005.03.01"]
[SourceVersion "1"]
[SourceVersionDate "2005.03.01"]
[SourceQuality "1"]

1. d4 d5 2. Nf3 Nf6 3. c4 c6 4. Nc3 e6 5. Bg5 dxc4 6. e4 b5 7. e5 h6 8. Bh4 g5 9. Nxg5 hxg5 10. Bxg5 Nbd7 11. g3 Bb7 12. Bg2 Qb6 13. exf6 c5 14. d5 0-0-0 15. 0-0 b4 16. Rb1 Qa6 17. dxe6 Bxg2 18. e7 Bxf1 19. Qd5 Bd3 20. Bf4 Qb6 21. Na4 Qb5 22. Qa8+ Nb8 23. Qxa7 1-0

[Event "CZE-chT2a 0405"]
[Site "Czech Republic"]
[Date "2004.12.19"]
[Round "5.4"]
[White "Novak, Michal"]
[Black "Masek, Miroslav"]
[Result "1-0"]
[WhiteElo "2163"]
[BlackElo "2200"]
[PlyCount "81"]
[EventDate "2004.10.17"]
[EventType "team"]
[EventRounds "11"]
[EventCountry "CZE"]
[SourceTitle "EXT 2007"]
[Source "ChessBase"]
[SourceDate "2006.11.23"]
[SourceVersion "1"]
[SourceVersionDate "2006.11.23"]
[SourceQuality "1"]
[WhiteTeam "Klatovy"]
[BlackTeam "Vrsovice"]
[WhiteTeamCountry "CZE"]
[BlackTeamCountry "CZE"]

1. e4 e6 2. d4 d5 3. Nd2 Nf6 4. e5 Nfd7 5. Bd3 c5 6. c3 Nc6 7. Ne2 cxd4 8. cxd4 f6 9. exf6 Nxf6 10. Nf3 Bd6 11. 0-0 Qc7 12. a3 0-0 13. Nc3 a6 14. Bg5 Nh5 15. Rc1 h6 16. Bh4 Nf4 17. Bg3 g5 18. Re1 Qg7 19. Na4 g4 20. Nh4 Nxd4 21. Nb6 Rb8 22. Ng6 Nh3+ 23. gxh3 Bxg3 24. hxg3 Nf3+ 25. Kh1 Qd4 26. Re3 Qxb6 27. Nxf8 Kxf8 28. hxg4 Nd4 29. g5 hxg5 30. Qh5 Bd7 31. Qh8+ Ke7 32. Qxb8 Qxb2 33. Rf1 Nc6 34. Qg8 Qf6 35. Qh7+ Kd6 36. Qg6 Qe7 37. Rf3 Ne5 38. Qf6 Qe8 39. Kg2 Bc6 40. Re1 Ng4 41. Qxg5 1-0

[Event "CZE-chT2a 0405"]
[Site "Czech Republic"]
[Date "2004.11.21"]
[Round "3.5"]
[White "Masek, Miroslav"]
[Black "Strejc, Josef"]
[Result "1-0"]
[WhiteElo "2200"]
[BlackElo "2140"]
[PlyCount "115"]
[EventDate "2004.10.17"]
[EventType "team"]
[EventRounds "11"]
[EventCountry "CZE"]
[SourceTitle "EXT 2007"]
[Source "ChessBase"]
[SourceDate "2006.11.23"]
[SourceVersion "1"]
[SourceVersionDate "2006.11.23"]
[SourceQuality "1"]
[WhiteTeam "Vrsovice"]
[BlackTeam "Pribram"]
[WhiteTeamCountry "CZE"]
[BlackTeamCountry "CZE"]

1. d4 f5 2. Bg5 Nf6 3. Bxf6 exf6 4. e3 d5 5. h4 Bd6 6. Qf3 Be6 7. Bd3 Qd7 8. Nc3 c6 9. Nh3 Na6 10. a3 Nc7 11. Nf4 Bxf4 12. Qxf4 0-0 13. Ne2 Ne8 14. h5 Nd6 15. 0-0-0 b5 16. f3 Rab8 17. Rdg1 b4 18. a4 b3 19. c3 Rbc8 20. Kd2 Rce8 21. Qg3 Rf7 22. Nf4 Kf8 23. Ra1 a5 24. Ra3 Rb8 25. Ke2 Re7 26. Kf2 Bf7 27. Re1 Qc7 28. Raa1 c5 29. dxc5 Qxc5 30. Re2 Rbe8 31. Rae1 Nc4 32. Bxc4 dxc4 33. Qh3 Re5 34. Qh1 Qc6 35. Ra1 Qc5 36. Rae1 R8e7 37. g3 Be8 38. Ng2 Bxa4 39. Rd2 Bc6 40. Qh4 Rd5 41. Red1 Red7 42. Rd4 Rxd4 43. exd4 Qb5 44. Ne3 a4 45. Ra1 Bd5 46. Qf4 Be6 47. d5 Bxd5 48. Nxf5 Qb6+ 49. Nd4 Bc6 50. h6 Rxd4 51. hxg7+ Kxg7 52. cxd4 Be8 53. Qe3 Qc6 54. g4 Kh8 55. g5 Bh5 56. gxf6 Qxf6 57. Rxa4 Qh4+ 58. Kg2 1-0